Statistiques concernant Les 50... Rappeurs francophones #2

Cliquez ici pour prendre le quiz!

Statistiques générales

  • Ce quiz a été pris 219 fois
  • Le résultat moyen est 20 sur 50

Statistiques - réponses

Réponse% Correct
Gims
99%
Ninho
97%
Soprano
95%
PLK
93%
Maes
87%
Naps
86%
Nekfeu
85%
Soso Maness
84%
Soolking
82%
Lorenzo
80%
Lartiste
71%
Dinos
62%
Joey Starr
62%
Tiakola
62%
Leto
61%
Alpha Wann
57%
L'algérino
56%
Dosseh
54%
Laylow
50%
Remy
49%
Caballero
44%
Gringe
42%
Timal
40%
Disiz
39%
Rilès
39%
Hayce Lemsi
32%
Franglish
30%
Sinik
30%
Sam's
27%
Tunisiano
26%
Josman
23%
Keblack
23%
Vegedream
22%
S.Pri Noir
20%
Aketo
17%
Le Rat Luciano
17%
Ali
16%
Demi Portion
11%
Despo Rutti
11%
Salif
9%
Freeman
4%
Pit Baccardi
4%
Zoxea
4%
Faf Larage
3%
Nakk Mendosa
2%
REDK
2%
Iron Sy
1%
Specta
1%
Tiers Monde
1%
Vicelow
1%

Distribution des résultats

Percentile par nombre de réponses

% des personnes avec chaque résultat

Votre développement - résultats

Vous n’avez pas pris ce quiz